<?xml version="1.0" encoding="UTF-8"?>
<record
    xmlns:xsi="http://www.w3.org/2001/XMLSchema-instance"
    xsi:schemaLocation="http://www.loc.gov/MARC21/slim http://www.loc.gov/standards/marcxml/schema/MARC21slim.xsd"
    xmlns="http://www.loc.gov/MARC21/slim">

  <leader>00497nam a2200205Ia 4500</leader>
  <controlfield tag="005">20251122110538.0</controlfield>
  <controlfield tag="008">230125s9999    xx            000 0 und d</controlfield>
  <datafield tag="020" ind1=" " ind2=" ">
    <subfield code="a">9788121931922</subfield>
  </datafield>
  <datafield tag="041" ind1=" " ind2=" ">
    <subfield code="a">eng</subfield>
  </datafield>
  <datafield tag="082" ind1=" " ind2=" ">
    <subfield code="a">158.1</subfield>
    <subfield code="b">ALE</subfield>
  </datafield>
  <datafield tag="100" ind1=" " ind2=" ">
    <subfield code="a">Alex K</subfield>
  </datafield>
  <datafield tag="245" ind1=" " ind2=" ">
    <subfield code="a">Soft Skills - Know Yourself and Know the World</subfield>
  </datafield>
  <datafield tag="250" ind1=" " ind2=" ">
    <subfield code="a">3rd Ed.</subfield>
  </datafield>
  <datafield tag="260" ind1=" " ind2=" ">
    <subfield code="c">2019</subfield>
    <subfield code="b">S Chand &amp; Sons</subfield>
    <subfield code="a">New Delhi</subfield>
  </datafield>
  <datafield tag="300" ind1=" " ind2=" ">
    <subfield code="a">254p</subfield>
  </datafield>
  <datafield tag="500" ind1=" " ind2=" ">
    <subfield code="a">Personality Development</subfield>
  </datafield>
  <datafield tag="700" ind1=" " ind2=" ">
    <subfield code="a">Alex K</subfield>
  </datafield>
  <datafield tag="906" ind1=" " ind2=" ">
    <subfield code="b">148.5</subfield>
  </datafield>
  <datafield tag="942" ind1=" " ind2=" ">
    <subfield code="c">BK</subfield>
  </datafield>
  <datafield tag="999" ind1=" " ind2=" ">
    <subfield code="c">96978</subfield>
    <subfield code="d">96978</subfield>
  </datafield>
  <datafield tag="952" ind1=" " ind2=" ">
    <subfield code="0">0</subfield>
    <subfield code="1">0</subfield>
    <subfield code="4">0</subfield>
    <subfield code="7">0</subfield>
    <subfield code="a">HIMR</subfield>
    <subfield code="b">HIMR</subfield>
    <subfield code="d">2022-03-09</subfield>
    <subfield code="e">Pritam Book Centre</subfield>
    <subfield code="g">550.00</subfield>
    <subfield code="i">329</subfield>
    <subfield code="l">0</subfield>
    <subfield code="o">158.1 ALE B22292</subfield>
    <subfield code="p">HIMR-BK-22292</subfield>
    <subfield code="r">2023-01-25 00:00:00</subfield>
    <subfield code="v">401.50</subfield>
    <subfield code="w">2022-03-07</subfield>
    <subfield code="y">BK</subfield>
    <subfield code="z">B22292</subfield>
  </datafield>
  <datafield tag="952" ind1=" " ind2=" ">
    <subfield code="0">0</subfield>
    <subfield code="1">0</subfield>
    <subfield code="4">0</subfield>
    <subfield code="7">0</subfield>
    <subfield code="a">HIMR</subfield>
    <subfield code="b">HIMR</subfield>
    <subfield code="d">2022-03-09</subfield>
    <subfield code="e">Pritam Book Centre</subfield>
    <subfield code="g">550.00</subfield>
    <subfield code="i">329</subfield>
    <subfield code="l">1</subfield>
    <subfield code="o">158.1 ALE B22293</subfield>
    <subfield code="p">HIMR-BK-22293</subfield>
    <subfield code="r">2024-04-10 00:00:00</subfield>
    <subfield code="s">2024-04-06</subfield>
    <subfield code="v">401.50</subfield>
    <subfield code="w">2022-03-07</subfield>
    <subfield code="y">BK</subfield>
    <subfield code="z">B22293</subfield>
  </datafield>
  <datafield tag="952" ind1=" " ind2=" ">
    <subfield code="0">0</subfield>
    <subfield code="1">0</subfield>
    <subfield code="4">0</subfield>
    <subfield code="7">0</subfield>
    <subfield code="a">HIMR</subfield>
    <subfield code="b">HIMR</subfield>
    <subfield code="d">2022-03-09</subfield>
    <subfield code="e">Pritam Book Centre</subfield>
    <subfield code="g">550.00</subfield>
    <subfield code="i">329</subfield>
    <subfield code="l">0</subfield>
    <subfield code="o">158.1 ALE B22294</subfield>
    <subfield code="p">HIMR-BK-22294</subfield>
    <subfield code="r">2023-01-25 00:00:00</subfield>
    <subfield code="v">401.50</subfield>
    <subfield code="w">2022-03-07</subfield>
    <subfield code="y">BK</subfield>
    <subfield code="z">B22294</subfield>
  </datafield>
  <datafield tag="952" ind1=" " ind2=" ">
    <subfield code="0">0</subfield>
    <subfield code="1">0</subfield>
    <subfield code="4">0</subfield>
    <subfield code="7">0</subfield>
    <subfield code="a">HIMR</subfield>
    <subfield code="b">HIMR</subfield>
    <subfield code="d">2022-03-09</subfield>
    <subfield code="e">Pritam Book Centre</subfield>
    <subfield code="g">550.00</subfield>
    <subfield code="i">329</subfield>
    <subfield code="l">0</subfield>
    <subfield code="o">158.1 ALE B22295</subfield>
    <subfield code="p">HIMR-BK-22295</subfield>
    <subfield code="r">2023-01-25 00:00:00</subfield>
    <subfield code="v">401.50</subfield>
    <subfield code="w">2022-03-07</subfield>
    <subfield code="y">BK</subfield>
    <subfield code="z">B22295</subfield>
  </datafield>
  <datafield tag="952" ind1=" " ind2=" ">
    <subfield code="0">0</subfield>
    <subfield code="1">0</subfield>
    <subfield code="4">0</subfield>
    <subfield code="7">0</subfield>
    <subfield code="a">HIMR</subfield>
    <subfield code="b">HIMR</subfield>
    <subfield code="d">2022-03-09</subfield>
    <subfield code="e">Pritam Book Centre</subfield>
    <subfield code="g">550.00</subfield>
    <subfield code="i">329</subfield>
    <subfield code="l">2</subfield>
    <subfield code="o">158.1 ALE B22296</subfield>
    <subfield code="p">HIMR-BK-22296</subfield>
    <subfield code="r">2025-01-07 00:00:00</subfield>
    <subfield code="s">2024-10-09</subfield>
    <subfield code="v">401.50</subfield>
    <subfield code="w">2022-03-07</subfield>
    <subfield code="y">BK</subfield>
    <subfield code="z">B22296</subfield>
  </datafield>
  <datafield tag="952" ind1=" " ind2=" ">
    <subfield code="0">0</subfield>
    <subfield code="1">0</subfield>
    <subfield code="4">0</subfield>
    <subfield code="7">0</subfield>
    <subfield code="a">HIMR</subfield>
    <subfield code="b">HIMR</subfield>
    <subfield code="d">2022-03-09</subfield>
    <subfield code="e">Pritam Book Centre</subfield>
    <subfield code="g">550.00</subfield>
    <subfield code="i">329</subfield>
    <subfield code="l">3</subfield>
    <subfield code="o">158.1 ALE B22297</subfield>
    <subfield code="p">HIMR-BK-22297</subfield>
    <subfield code="r">2024-04-06 00:00:00</subfield>
    <subfield code="s">2024-03-16</subfield>
    <subfield code="v">401.50</subfield>
    <subfield code="w">2022-03-07</subfield>
    <subfield code="y">BK</subfield>
    <subfield code="z">B22297</subfield>
  </datafield>
  <datafield tag="952" ind1=" " ind2=" ">
    <subfield code="0">0</subfield>
    <subfield code="1">0</subfield>
    <subfield code="4">0</subfield>
    <subfield code="7">0</subfield>
    <subfield code="a">HIMR</subfield>
    <subfield code="b">HIMR</subfield>
    <subfield code="d">2022-03-09</subfield>
    <subfield code="e">Pritam Book Centre</subfield>
    <subfield code="g">550.00</subfield>
    <subfield code="i">329</subfield>
    <subfield code="l">0</subfield>
    <subfield code="o">158.1 ALE B22298</subfield>
    <subfield code="p">HIMR-BK-22298</subfield>
    <subfield code="r">2023-01-25 00:00:00</subfield>
    <subfield code="v">401.50</subfield>
    <subfield code="w">2022-03-07</subfield>
    <subfield code="y">BK</subfield>
    <subfield code="z">B22298</subfield>
  </datafield>
  <datafield tag="952" ind1=" " ind2=" ">
    <subfield code="0">0</subfield>
    <subfield code="1">0</subfield>
    <subfield code="4">0</subfield>
    <subfield code="7">0</subfield>
    <subfield code="a">HIMR</subfield>
    <subfield code="b">HIMR</subfield>
    <subfield code="d">2022-03-09</subfield>
    <subfield code="e">Pritam Book Centre</subfield>
    <subfield code="g">550.00</subfield>
    <subfield code="i">329</subfield>
    <subfield code="l">1</subfield>
    <subfield code="o">158.1 ALE B22299</subfield>
    <subfield code="p">HIMR-BK-22299</subfield>
    <subfield code="r">2024-04-26 00:00:00</subfield>
    <subfield code="s">2024-04-23</subfield>
    <subfield code="v">401.50</subfield>
    <subfield code="w">2022-03-07</subfield>
    <subfield code="y">BK</subfield>
    <subfield code="z">B22299</subfield>
  </datafield>
  <datafield tag="952" ind1=" " ind2=" ">
    <subfield code="0">0</subfield>
    <subfield code="1">0</subfield>
    <subfield code="4">0</subfield>
    <subfield code="7">0</subfield>
    <subfield code="a">HIMR</subfield>
    <subfield code="b">HIMR</subfield>
    <subfield code="d">2022-03-09</subfield>
    <subfield code="e">Pritam Book Centre</subfield>
    <subfield code="g">550.00</subfield>
    <subfield code="i">329</subfield>
    <subfield code="l">0</subfield>
    <subfield code="o">158.1 ALE B22300</subfield>
    <subfield code="p">HIMR-BK-22300</subfield>
    <subfield code="r">2023-01-25 00:00:00</subfield>
    <subfield code="v">401.50</subfield>
    <subfield code="w">2022-03-07</subfield>
    <subfield code="y">BK</subfield>
    <subfield code="z">B22300</subfield>
  </datafield>
  <datafield tag="952" ind1=" " ind2=" ">
    <subfield code="0">0</subfield>
    <subfield code="1">0</subfield>
    <subfield code="4">0</subfield>
    <subfield code="7">0</subfield>
    <subfield code="a">HIMR</subfield>
    <subfield code="b">HIMR</subfield>
    <subfield code="d">2022-03-09</subfield>
    <subfield code="e">Pritam Book Centre</subfield>
    <subfield code="g">550.00</subfield>
    <subfield code="i">329</subfield>
    <subfield code="l">0</subfield>
    <subfield code="o">158.1 ALE B22301</subfield>
    <subfield code="p">HIMR-BK-22301</subfield>
    <subfield code="r">2023-01-25 00:00:00</subfield>
    <subfield code="v">401.50</subfield>
    <subfield code="w">2022-03-07</subfield>
    <subfield code="y">BK</subfield>
    <subfield code="z">B22301</subfield>
  </datafield>
  <datafield tag="952" ind1=" " ind2=" ">
    <subfield code="0">0</subfield>
    <subfield code="1">0</subfield>
    <subfield code="4">0</subfield>
    <subfield code="7">0</subfield>
    <subfield code="a">HIMR</subfield>
    <subfield code="b">HIMR</subfield>
    <subfield code="d">2022-03-09</subfield>
    <subfield code="e">Pritam Book Centre</subfield>
    <subfield code="g">550.00</subfield>
    <subfield code="i">329</subfield>
    <subfield code="l">1</subfield>
    <subfield code="o">158.1 ALE B22302</subfield>
    <subfield code="p">HIMR-BK-22302</subfield>
    <subfield code="r">2025-02-11 00:00:00</subfield>
    <subfield code="s">2024-10-09</subfield>
    <subfield code="v">401.50</subfield>
    <subfield code="w">2022-03-07</subfield>
    <subfield code="y">BK</subfield>
    <subfield code="z">B22302</subfield>
  </datafield>
  <datafield tag="952" ind1=" " ind2=" ">
    <subfield code="0">0</subfield>
    <subfield code="1">0</subfield>
    <subfield code="4">0</subfield>
    <subfield code="7">0</subfield>
    <subfield code="a">HIMR</subfield>
    <subfield code="b">HIMR</subfield>
    <subfield code="d">2022-03-09</subfield>
    <subfield code="e">Pritam Book Centre</subfield>
    <subfield code="g">550.00</subfield>
    <subfield code="i">329</subfield>
    <subfield code="l">0</subfield>
    <subfield code="o">158.1 ALE B22303</subfield>
    <subfield code="p">HIMR-BK-22303</subfield>
    <subfield code="r">2023-01-25 00:00:00</subfield>
    <subfield code="v">401.50</subfield>
    <subfield code="w">2022-03-07</subfield>
    <subfield code="y">BK</subfield>
    <subfield code="z">B22303</subfield>
  </datafield>
  <datafield tag="952" ind1=" " ind2=" ">
    <subfield code="0">0</subfield>
    <subfield code="1">0</subfield>
    <subfield code="4">0</subfield>
    <subfield code="7">0</subfield>
    <subfield code="a">HIMR</subfield>
    <subfield code="b">HIMR</subfield>
    <subfield code="d">2022-03-09</subfield>
    <subfield code="e">Pritam Book Centre</subfield>
    <subfield code="g">550.00</subfield>
    <subfield code="i">329</subfield>
    <subfield code="l">0</subfield>
    <subfield code="o">158.1 ALE B22304</subfield>
    <subfield code="p">HIMR-BK-22304</subfield>
    <subfield code="r">2023-01-25 00:00:00</subfield>
    <subfield code="v">401.50</subfield>
    <subfield code="w">2022-03-07</subfield>
    <subfield code="y">BK</subfield>
    <subfield code="z">B22304</subfield>
  </datafield>
  <datafield tag="952" ind1=" " ind2=" ">
    <subfield code="0">0</subfield>
    <subfield code="1">0</subfield>
    <subfield code="4">0</subfield>
    <subfield code="7">0</subfield>
    <subfield code="a">HIMR</subfield>
    <subfield code="b">HIMR</subfield>
    <subfield code="d">2022-03-09</subfield>
    <subfield code="e">Pritam Book Centre</subfield>
    <subfield code="g">550.00</subfield>
    <subfield code="i">329</subfield>
    <subfield code="l">0</subfield>
    <subfield code="o">158.1 ALE B22305</subfield>
    <subfield code="p">HIMR-BK-22305</subfield>
    <subfield code="r">2023-01-25 00:00:00</subfield>
    <subfield code="v">401.50</subfield>
    <subfield code="w">2022-03-07</subfield>
    <subfield code="y">BK</subfield>
    <subfield code="z">B22305</subfield>
  </datafield>
  <datafield tag="952" ind1=" " ind2=" ">
    <subfield code="0">0</subfield>
    <subfield code="1">0</subfield>
    <subfield code="4">0</subfield>
    <subfield code="7">0</subfield>
    <subfield code="a">HIMR</subfield>
    <subfield code="b">HIMR</subfield>
    <subfield code="d">2022-03-09</subfield>
    <subfield code="e">Pritam Book Centre</subfield>
    <subfield code="g">550.00</subfield>
    <subfield code="i">329</subfield>
    <subfield code="o">158.1 ALE B22306</subfield>
    <subfield code="p">HIMR-BK-22306</subfield>
    <subfield code="r">2023-01-25 00:00:00</subfield>
    <subfield code="v">401.50</subfield>
    <subfield code="w">2022-03-07</subfield>
    <subfield code="y">BK</subfield>
    <subfield code="z">B22306</subfield>
  </datafield>
</record>
